Women in changing society: a bibliographical study (Record no. 22908)

MARC details
000 -LEADER
fixed length control field 00419nam a2200145Ia 4500
082 ## - DEWEY DECIMAL CLASSIFICATION NUMBER
Classification number RR 016.3054 SAH-;
100 ## - MAIN ENTRY--AUTHOR NAME
Personal name Sahai, S.N.
245 #0 - TITLE STATEMENT
Title Women in changing society: a bibliographical study
260 ## - PUBLICATION, DISTRIBUTION, ETC. (IMPRINT)
Place of publication Delhi
Name of publisher Mittal Publications
Year of publication 1985
300 ## - PHYSICAL DESCRIPTION
Number of Pages 441p.
504 ## - BIBLIOGRAPHY, ETC. NOTE
Bibliography, etc Includes bibliography/Ref.book
650 ## - SUBJECT ADDED ENTRY--TOPICAL TERM
Topical Term Social change - Bibliography - India
650 ## - SUBJECT ADDED ENTRY--TOPICAL TERM
Topical Term Women - Bibliography - India
942 ## - ADDED ENTRY ELEMENTS (KOHA)
Koha item type Books
Holdings
Withdrawn status Lost status Damaged status Not for loan Home library Current library Date acquired Bill Date Full call number Accession Number Price effective from Koha item type
        NASSDOC Library NASSDOC Library 08/06/2004 2004-10-22 RR 016.3054 SAH-; 18330 18/04/2019 Books